| 000 | 00619nam a2200217 a 4500 | ||
|---|---|---|---|
| 005 | 20140310183508.0 | ||
| 008 | 101002s19uu xx 00 eng d | ||
| 020 | _a0072314060 | ||
| 050 |
_aHD 62.5 _b.H577 2004 |
||
| 100 | _aHisrich, Robert D. | ||
| 245 |
_aEntrepreneurship / _cRobert D. Hisrich, Michael P. Peters |
||
| 250 | _a5th ed. | ||
| 260 |
_aBoston : _bMcGrawHill, _c2004. |
||
| 300 |
_a663 p. : _c22 cm. |
||
| 521 | _aBSBA | ||
| 650 | _aEntrepreneurship-nature,importance. | ||
| 650 | _aEntrepreneurship-International. | ||
| 700 | _aPeters, Michael P. | ||
| 942 |
_cBK _2lcc _kFOR |
||
| 999 |
_c24102 _d24102 |
||